[Event "27e Open International Avoine"]
[Site "Espace culturel d'Avoine-3742"]
[Date "2012.07.21"]
[Round "1.40"]
[White "Vekemans, Denis"]
[Black "Purenne, Benoit"]
[Result "0-1"]
[WhiteElo "1980"]
[BlackElo "2167"]
[PlyCount "80"]
[EventDate "2012.??.??"]

1. e4 c5 2. b4 d6 3. Nf3 Nf6 4. e5 dxe5 5. Bb2 e4 6. Ne5 cxb4 7. Bc4 e6 8. g4
h6 9. f4 Bc5 10. Qe2 Nbd7 11. d4 exd3 12. cxd3 Nxe5 13. fxe5 Nd5 14. d4 Be7 15.
O-O Bg5 16. Nd2 Bxd2 17. Qxd2 O-O 18. Rf3 Qg5 19. Qf2 b5 20. Bd3 f5 21. h4
Qxg4+ 22. Kh2 Bb7 23. Rg1 Qh5 24. Bc1 Nc3 25. Rh3 Rad8 26. a3 a5 27. axb4 axb4
28. Bd2 Be4 29. Bxc3 bxc3 30. Bxb5 Rb8 31. Be2 Rb2 32. Re3 Bd5 33. Bxh5 Rxf2+
34. Kg3 Rc2 35. Kf4 Rc8 36. Reg3 Rc7 37. Rb1 Rf2+ 38. Ke3 Rb2 39. Ra1 c2 40.
Rgg1 Rc3+ 0-1

[Event "27e Open International Avoine"]
[Site "Espace culturel d'Avoine-3742"]
[Date "2012.07.21"]
[Round "1.42"]
[White "Louis-Sidois, Charles"]
[Black "Nabavi, Parwis"]
[Result "0-1"]
[WhiteElo "1969"]
[BlackElo "2164"]
[PlyCount "136"]
[EventDate "2012.??.??"]

1. e4 e5 2. Nf3 Nc6 3. Bb5 a6 4. Ba4 Nf6 5. O-O Be7 6. Re1 b5 7. Bb3 d6 8. c3
O-O 9. h3 Na5 10. Bc2 c5 11. d4 Qc7 12. Nbd2 cxd4 13. cxd4 Nc6 14. d5 Nb4 15.
Bb3 Bd7 16. Re3 a5 17. a4 Rfc8 18. axb5 Bxb5 19. Ba4 Qb6 20. Bxb5 Qxb5 21. Ne1
Bd8 22. Nb1 Bb6 23. Nc3 Qc4 24. Rg3 g6 25. Be3 Bxe3 26. Rxe3 Nd7 27. Nd3 Nxd3
28. Qxd3 Qxd3 29. Rxd3 Nc5 30. Re3 Rcb8 31. Re2 a4 32. f3 Rb4 33. Rc2 Rab8 34.
Ra3 Kg7 35. Kh2 Rd4 36. Ne2 Rd1 37. Nc3 Rd3 38. Nb1 Rd4 39. Nc3 Rb3 40. Rxb3
axb3 41. Re2 Rb4 42. h4 Kf6 43. Rd2 Ke7 44. g4 f5 45. gxf5 gxf5 46. Re2 fxe4
47. fxe4 Nd3 48. Rd2 Nf4 49. Kg3 Rb8 50. Kf3 Rf8 51. Ke3 Rg8 52. Kf3 h5 53. Rh2
Rg4 54. Ne2 Nxe2 55. Rxe2 Rxh4 56. Rg2 Rf4+ 57. Ke3 Rg4 58. Rf2 Rg3+ 59. Ke2 h4
60. Rh2 Rg4 61. Kf3 Rf4+ 62. Ke3 Kf6 63. Rg2 h3 64. Rg8 Rh4 65. Rf8+ Ke7 66.
Rf1 h2 67. Rh1 Kf6 68. Kf3 Kg5 0-1

[Event "27e Open International Avoine"]
[Site "Espace culturel d'Avoine-3742"]
[Date "2012.07.21"]
[Round "1.43"]
[White "Leruste, Georges"]
[Black "Wojtkowski, Frederic"]
[Result "1/2-1/2"]
[WhiteElo "2161"]
[BlackElo "1963"]
[PlyCount "93"]
[EventDate "2012.??.??"]

1. Nf3 c5 2. g3 Nc6 3. Bg2 Nf6 4. O-O e6 5. c4 Be7 6. d4 cxd4 7. Nxd4 a6 8. Nc3
O-O 9. e4 Qc7 10. Nde2 d6 11. h3 Bd7 12. Be3 Ne5 13. b3 Rad8 14. Rc1 b6 15. f4
Ng6 16. Nd4 Bc8 17. Qe2 Rfe8 18. Qf2 Bf8 19. Kh2 Bb7 20. Nde2 Nd7 21. Rfd1 Ba8
22. h4 Qb8 23. Bf3 Ne7 24. g4 Nc6 25. Ng3 Nc5 26. Qg2 Nb4 27. Rb1 d5 28. cxd5
exd5 29. e5 d4 30. Rxd4 Bxf3 31. Qxf3 Nc2 32. Rxd8 Rxd8 33. Bxc5 Bxc5 34. Nce4
Nd4 35. Qg2 Be7 36. h5 Qc8 37. f5 Qc7 38. f6 Bb4 39. fxg7 Kxg7 40. Nf5+ Nxf5
41. gxf5+ Kh8 42. Rg1 Qxe5+ 43. Kh1 h6 44. Qg4 Re8 45. Rg2 Qa1+ 46. Kh2 Bc3 47.
Nxc3 1/2-1/2

[Event "27e Open International Avoine"]
[Site "Espace culturel d'Avoine-3742"]
[Date "2012.07.21"]
[Round "1.44"]
[White "Dubois, Pierre"]
[Black "Cau, Benjamin"]
[Result "1-0"]
[WhiteElo "1961"]
[BlackElo "2158"]
[PlyCount "119"]
[EventDate "2012.??.??"]

1. e4 d6 2. d4 Nf6 3. Nc3 g6 4. Nf3 Nbd7 5. Bf4 c6 6. Qd2 h6 7. h4 b5 8. Bd3
Nb6 9. O-O-O Bg7 10. e5 Nfd5 11. exd6 Nxf4 12. Qxf4 Qxd6 13. Qxd6 exd6 14.
Rhe1+ Kd8 15. Ne4 Kc7 16. Ng3 Nd5 17. h5 g5 18. Nf5 Bxf5 19. Bxf5 Rhe8 20. g3
Nf6 21. Rh1 Re2 22. Rd2 Rae8 23. Bd3 R2e7 24. c3 a5 25. Rdd1 Ne4 26. Bxe4 Rxe4
27. Rde1 f5 28. Kd1 Kd7 29. Nd2 Rxe1+ 30. Rxe1 Rxe1+ 31. Kxe1 c5 32. dxc5 dxc5
33. Nb3 c4 34. Nxa5 Kc7 35. Kd2 Kb6 36. b4 g4 37. a4 Be5 38. axb5 Kxb5 39. Nb7
f4 40. gxf4 Bxf4+ 41. Kc2 g3 42. fxg3 Bxg3 43. Nc5 Be5 44. Ne4 Bf4 45. Nd2 Be5
46. Nb1 Kc6 47. Nd2 Kb5 48. Ne4 Bf4 49. Kd1 Be5 50. Ke2 Bf4 51. Kf3 Be5 52. Ke3
Kc6 53. Kf3 Kd5 54. b5 Bc7 55. Nf6+ Ke6 56. Ng4 Ba5 57. Nxh6 Bxc3 58. Ng4 Kd6
59. Ne3 Kc5 60. b6 1-0

[Event "27e Open International Avoine"]
[Site "Espace culturel d'Avoine-3742"]
[Date "2012.07.21"]
[Round "1.45"]
[White "Ollier, Milan"]
[Black "Le Ray, Jean-Yves"]
[Result "0-1"]
[WhiteElo "2157"]
[BlackElo "1951"]
[PlyCount "38"]
[EventDate "2012.??.??"]

1. e4 b6 2. d4 Bb7 3. Bd3 Nf6 4. Qe2 e6 5. Nf3 c5 6. c3 Be7 7. O-O d6 8. Nbd2
Nbd7 9. e5 Nd5 10. Ne4 cxd4 11. exd6 Bf6 12. cxd4 Nb4 13. Bb1 Ba6 14. Qd2 Bxf1
15. Qxb4 a5 16. Qb3 Be2 17. Nfg5 Rc8 18. Bf4 Bxg5 19. Bxg5 Qxg5 0-1

[Event "27e Open International Avoine"]
[Site "Espace culturel d'Avoine-3742"]
[Date "2012.07.21"]
[Round "1.46"]
[White "Foussard, Gervais"]
[Black "Hutois, Mickael"]
[Result "1/2-1/2"]
[WhiteElo "1950"]
[BlackElo "2153"]
[PlyCount "89"]
[EventDate "2012.??.??"]

1. d4 Nf6 2. Nf3 e6 3. c4 d5 4. Nc3 Be7 5. Bg5 Nbd7 6. e3 O-O 7. Bd3 b6 8. O-O
Bb7 9. Rc1 c5 10. Qe2 Ne4 11. Bxe7 Qxe7 12. Nd2 f5 13. Rfd1 Nd6 14. dxc5 bxc5
15. a3 Rf6 16. b4 cxb4 17. axb4 dxc4 18. Nxc4 Nxc4 19. Bxc4 Ne5 20. Ba6 Rg6 21.
Bxb7 Qxb7 22. e4 Rb8 23. Nd5 exd5 24. exf5 Rf6 25. Qxe5 Rd8 26. Rc7 Qxb4 27.
Rxg7+ Kxg7 28. Qc7+ Kh6 29. Qxd8 Rxf5 30. h3 Qc5 31. Qh4+ Kg6 32. Re1 Rf6 33.
Qg4+ Kh6 34. Qg3 Qd4 35. Rf1 a5 36. Kh1 Qe4 37. f4 Rg6 38. Qf2 d4 39. f5 Rf6
40. Qd2+ Kg7 41. Qxa5 d3 42. Qc3 Kf7 43. Qc7+ Kg8 44. Qd8+ Kg7 45. Rd1 1/2-1/2

[Event "27e Open International Avoine"]
[Site "Espace culturel d'Avoine-3742"]
[Date "2012.07.21"]
[Round "1.47"]
[White "Louis, Thibault"]
[Black "Touzeau, Maxime"]
[Result "1-0"]
[WhiteElo "2151"]
[BlackElo "1950"]
[PlyCount "31"]
[EventDate "2012.??.??"]

1. e4 b6 2. d4 Bb7 3. Bd3 e6 4. Nc3 Nf6 5. Nge2 c5 6. O-O d5 7. exd5 Nxd5 8.
Ne4 cxd4 9. Nxd4 Be7 10. Qg4 O-O 11. Bh6 Bf6 12. Nxf6+ Qxf6 13. Bg5 Qe5 14.
Rae1 Nf6 15. Bxh7+ Kh8 16. Qh4 1-0

[Event "27e Open International Avoine"]
[Site "Espace culturel d'Avoine-3742"]
[Date "2012.07.21"]
[Round "1.48"]
[White "Yche, Michel"]
[Black "Salles, Louis"]
[Result "1/2-1/2"]
[WhiteElo "1949"]
[BlackElo "2147"]
[PlyCount "98"]
[EventDate "2012.??.??"]

1. e4 c5 2. b4 cxb4 3. a3 d5 4. e5 Nc6 5. f4 e6 6. axb4 Bxb4 7. c3 Be7 8. d4
Nh6 9. Bd3 Nf5 10. Ne2 h5 11. O-O Bd7 12. Ng3 g6 13. Bxf5 exf5 14. Qb3 h4 15.
Nh1 Bc8 16. Nf2 O-O 17. Nd2 Na5 18. Qd1 Be6 19. Nf3 Kg7 20. Nh3 Rc8 21. Qe1 Rh8
22. Ba3 Bxa3 23. Rxa3 b6 24. Nhg5 Qe7 25. Ra2 Bd7 26. Nxh4 Bb5 27. Rf3 Bc4 28.
Ra1 Nb3 29. Qg3 Rxh4 30. Qxh4 Rh8 31. Qe1 Nxa1 32. Qxa1 f6 33. exf6+ Kxf6 34.
Qc1 Re8 35. Rh3 Qe1+ 36. Qxe1 Rxe1+ 37. Kf2 Re2+ 38. Kf3 Re7 39. Rh8 a5 40. Rb8
b5 41. Rb6+ Kg7 42. Ne6+ Kf7 43. Nd8+ Ke8 44. Nc6 Re1 45. Nxa5 Rc1 46. Nxc4
bxc4 47. Rd6 Rxc3+ 48. Ke2 Rc2+ 49. Kf3 Rc3+ 1/2-1/2

[Event "27e Open International Avoine"]
[Site "Espace culturel d'Avoine-3742"]
[Date "2012.07.21"]
[Round "1.50"]
[White "Rasse, Charlotte"]
[Black "Eden, James"]
[Result "0-1"]
[WhiteElo "1944"]
[BlackElo "2129"]
[PlyCount "70"]
[EventDate "2012.??.??"]

1. e4 e5 2. Nf3 Nc6 3. Bc4 Bc5 4. d3 Nf6 5. Nc3 d6 6. h3 a6 7. Be3 Bxe3 8. fxe3
Na5 9. Bb3 Nxb3 10. axb3 O-O 11. Qe2 c6 12. O-O Qe7 13. Rae1 h6 14. Qf2 Nh7 15.
Nh4 g6 16. Kh2 Qg5 17. g4 h5 18. gxh5 Qxh5 19. Ne2 Ng5 20. Ng1 f6 21. Qg3 Kg7
22. Nhf3 Nxf3+ 23. Rxf3 Be6 24. Ref1 Rf7 25. Qf2 Raf8 26. Ne2 Bg4 27. Qg2 Bxf3
28. Rxf3 Kh8 29. d4 Rh7 30. Qf2 Qh4 31. Qg2 Qxe4 32. Nc3 Qh4 33. dxe5 dxe5 34.
Qxg6 Rg7 35. Qe4 Qe1 0-1

[Event "27e Open International Avoine"]
[Site "Espace culturel d'Avoine-3742"]
[Date "2012.07.22"]
[Round "2.1"]
[White "Ribeiro, Romain"]
[Black "Guliyev, Namig"]
[Result "1/2-1/2"]
[WhiteElo "2204"]
[BlackElo "2539"]
[PlyCount "124"]
[EventDate "2012.??.??"]

1. e4 c5 2. Nf3 d6 3. Nc3 a6 4. a4 Nf6 5. d4 cxd4 6. Nxd4 e6 7. Be2 Nbd7 8. f4
b6 9. Bf3 Bb7 10. O-O Qc7 11. Qe2 g6 12. e5 dxe5 13. fxe5 Bc5 14. exf6 Bxd4+
15. Kh1 Bxc3 16. bxc3 Bxf3 17. Rxf3 Nc5 18. Bf4 Qc6 19. a5 bxa5 20. Rxa5 O-O
21. Be3 Nd7 22. Bd4 Rfb8 23. Qe1 Rb5 24. Rxb5 axb5 25. h3 Qd6 26. Re3 h5 27.
Re2 Kh7 28. Be5 Nxe5 29. Rxe5 Ra1 30. Rxh5+ gxh5 31. Qxa1 Qf4 32. Qd1 Kg6 33.
Qe2 Qc4 34. Qf3 h4 35. Kh2 Qc7+ 36. Kh1 Qg3 37. Qe2 Qg5 38. Qe4+ Kxf6 39. c4
bxc4 40. Qxc4 e5 41. Qe4 Qh5 42. Kg1 Qd1+ 43. Kf2 Qd2+ 44. Kf3 Qc3+ 45. Ke2 Ke6
46. Qg4+ Kd6 47. Qf5 Kc5 48. Qc8+ Kb4 49. Qf8+ Kb5 50. Qb8+ Ka6 51. Qa8+ Kb6
52. Qb8+ Ka6 53. Qb3 Qc5 54. Kf3 Qc6+ 55. Kf2 e4 56. Ke3 f5 57. Kf4 Qc5 58.
Qa4+ Kb6 59. Qb3+ Kc7 60. Qf7+ Kb6 61. Qb3+ Kc7 62. Qf7+ Kb6 1/2-1/2

[Event "27e Open International Avoine"]
[Site "Espace culturel d'Avoine-3742"]
[Date "2012.07.22"]
[Round "2.2"]
[White "Lagarde, Maxime"]
[Black "Bouget, Alexandre"]
[Result "1-0"]
[WhiteElo "2505"]
[BlackElo "2202"]
[PlyCount "71"]
[EventDate "2012.??.??"]

1. e4 e5 2. Nc3 Nf6 3. f4 d5 4. fxe5 Nxe4 5. Qf3 Nc6 6. Bb5 Nxc3 7. dxc3 Qh4+
8. g3 Qe4+ 9. Qxe4 dxe4 10. Bxc6+ bxc6 11. Be3 Be7 12. Ne2 O-O 13. Nd4 Bd7 14.
O-O-O a5 15. Rhe1 a4 16. c4 Rfd8 17. a3 Ra5 18. Bd2 Rxe5 19. Bf4 Rh5 20. Rxe4
Be6 21. Nxe6 Rxd1+ 22. Kxd1 fxe6 23. Rxe6 Bf6 24. g4 Rh4 25. b3 Rxg4 26. Bxc7
Bc3 27. Ke2 Rd4 28. Rd6 Kf7 29. Rxd4 Bxd4 30. Kd3 Bg1 31. bxa4 Ke6 32. a5 Kd7
33. Be5 Kc8 34. a6 g6 35. Bd6 h5 36. Ke4 1-0

[Event "27e Open International Avoine"]
[Site "Espace culturel d'Avoine-3742"]
[Date "2012.07.22"]
[Round "2.5"]
[White "Mevel, Alberic"]
[Black "Tirard, Hugo"]
[Result "1-0"]
[WhiteElo "2188"]
[BlackElo "2452"]
[PlyCount "73"]
[EventDate "2012.??.??"]

1. e4 c5 2. Nf3 Nc6 3. d4 cxd4 4. Nxd4 e5 5. Nb5 d6 6. N1c3 a6 7. Na3 Be7 8.
Nd5 Be6 9. Be3 Bxd5 10. Qxd5 Nf6 11. Qd3 d5 12. exd5 Nxd5 13. O-O-O Nxe3 14.
Qxe3 Qa5 15. Bc4 O-O 16. Rd5 b5 17. Bb3 Qc7 18. Rhd1 Rad8 19. g3 Bf6 20. Qc5
Rc8 21. Rd7 Qa5 22. h4 b4 23. Qxa5 Nxa5 24. Nb1 Nc6 25. R1d6 e4 26. Nd2 Ne5 27.
Ra7 Nd3+ 28. Kd1 Nxf2+ 29. Ke2 Be5 30. Rdd7 e3 31. Kxe3 Bxg3 32. Rxf7 Ng4+ 33.
Kf3 Ne5+ 34. Kxg3 Rxf7 35. Ne4 h6 36. Nd6 Rcf8 37. Nxf7 1-0

[Event "27e Open International Avoine"]
[Site "Espace culturel d'Avoine-3742"]
[Date "2012.07.22"]
[Round "2.6"]
[White "Dumitrache, Dragos-Nicolae"]
[Black "Gesing, Oliver"]
[Result "1-0"]
[WhiteElo "2447"]
[BlackElo "2165"]
[PlyCount "81"]
[EventDate "2012.??.??"]

1. d4 d5 2. c4 c6 3. Nf3 Nf6 4. e3 e6 5. Bd3 dxc4 6. Bxc4 Nbd7 7. O-O Bd6 8.
Nc3 b5 9. Bd3 Bb7 10. e4 e5 11. dxe5 Nxe5 12. Nxe5 Bxe5 13. Be3 O-O 14. Qe2 Re8
15. f3 Qd6 16. g3 Bd4 17. Rad1 b4 18. Na4 c5 19. b3 Bc6 20. Bc4 Rad8 21. Nb2
Qe7 22. Bxd4 cxd4 23. Rd2 a5 24. Rfd1 Qa7 25. Qf2 Bxe4 26. fxe4 Nxe4 27. Qf3
Nxd2 28. Rxd2 Rd6 29. Nd3 Re3 30. Qg4 Qc7 31. Rf2 Rd7 32. Rf5 g6 33. Rc5 Qb7
34. Rxa5 Re4 35. Qf3 Re3 36. Qxb7 Rxb7 37. Kf2 Kg7 38. Rd5 Rbe7 39. Nxb4 R3e4
40. Nc2 Ra7 41. a4 1-0

[Event "27e Open International Avoine"]
[Site "Espace culturel d'Avoine-3742"]
[Date "2012.07.22"]
[Round "2.7"]
[White "Purenne, Benoit"]
[Black "Lazarev, Vladimir"]
[Result "0-1"]
[WhiteElo "2167"]
[BlackElo "2442"]
[PlyCount "56"]
[EventDate "2012.??.??"]

1. d4 c5 2. d5 g6 3. c4 Bg7 4. e4 d6 5. Nc3 e6 6. Nge2 exd5 7. cxd5 Ne7 8. Bg5
a6 9. a4 h6 10. Be3 f5 11. Nf4 fxe4 12. Qd2 O-O 13. Bc4 Nf5 14. Nxg6 Nxe3 15.
fxe3 Rf7 16. Nf4 Bf5 17. O-O Nd7 18. Be2 Be5 19. Bh5 Rg7 20. Qe2 Qg5 21. Rf2
Nf6 22. Raf1 Bd7 23. Ne6 Qh4 24. g3 Bxe6 25. dxe6 Nxh5 26. e7 Nxg3 27. Qc4+ Kh7
28. Qe2 Kg8 0-1

[Event "27e Open International Avoine"]
[Site "Espace culturel d'Avoine-3742"]
[Date "2012.07.22"]
[Round "2.8"]
[White "Shirazi, Kamran"]
[Black "Louis, Thibault"]
[Result "1-0"]
[WhiteElo "2417"]
[BlackElo "2151"]
[PlyCount "63"]
[EventDate "2012.??.??"]

1. e4 e6 2. c4 d5 3. Nc3 dxe4 4. Nxe4 Nc6 5. Nf3 e5 6. d3 f5 7. Nc3 Nf6 8. g3
Bb4 9. Bg2 e4 10. dxe4 Qxd1+ 11. Kxd1 Bxc3 12. bxc3 Nxe4 13. Re1 O-O 14. Ng5
Nxc3+ 15. Kc2 Ne4 16. Nxe4 fxe4 17. Bxe4 Rxf2+ 18. Kc3 Bg4 19. Rb1 Bf3 20. Rxb7
Bxe4 21. Rxe4 a5 22. Rxc7 Nb4 23. Be3 Nxa2+ 24. Kb3 Rb8+ 25. Ka3 Nc3 26. Bxf2
Nxe4 27. Bd4 Nf6 28. Bxf6 gxf6 29. c5 Rb4 30. Ra7 Rb5 31. c6 Rb8 32. Rd7 1-0

[Event "27e Open International Avoine"]
[Site "Espace culturel d'Avoine-3742"]
[Date "2012.07.22"]
[Round "2.10"]
[White "David, Vincent"]
[Black "Wenzel, Johannes"]
[Result "1-0"]
[WhiteElo "2392"]
[BlackElo "2136"]
[PlyCount "58"]
[EventDate "2012.??.??"]

1. e4 e6 2. d4 d5 3. e5 Ne7 4. Nf3 b6 5. c4 Bb7 6. Nc3 dxc4 7. Bxc4 Nd5 8. O-O
Qd7 9. Qe2 a6 10. Rd1 h6 11. h4 Nc6 12. Nxd5 exd5 13. Bd3 Qg4 14. a3 Be7 15.
Be3 g6 16. Rac1 Kf8 17. Rc3 Bd8 18. Qc2 Ne7 19. e6 Qxe6 20. Bf4 Nc6 21. Rc1 g5
22. Bf5 Qf6 23. Be5 Nxe5 24. Nxe5 Kg7 25. Rf3 Qe7 26. Bg6 f6 27. Bf7 c5 28.
Qg6+ Kf8 29. Rxf6 Bc8 1-0

[Event "27e Open International Avoine"]
[Site "Espace culturel d'Avoine-3742"]
[Date "2012.07.22"]
[Round "2.11"]
[White "Eden, James"]
[Black "Colin, Vincent"]
[Result "1/2-1/2"]
[WhiteElo "2129"]
[BlackElo "2391"]
[PlyCount "127"]
[EventDate "2012.??.??"]

1. e4 c5 2. c3 d5 3. exd5 Qxd5 4. d4 e6 5. Nf3 Nf6 6. Be3 cxd4 7. cxd4 Bb4+ 8.
Nc3 O-O 9. Bd3 b6 10. Qe2 Qa5 11. O-O Ba6 12. Nb5 Bxb5 13. Bxb5 a6 14. Bd3 Nc6
15. a3 Bd6 16. b4 Qh5 17. Bxa6 g5 18. Qb5 Rxa6 19. Qxc6 g4 20. Qxd6 gxf3 21.
Qg3+ Kh8 22. Qxf3 Qxf3 23. gxf3 Nd5 24. Bh6 Rg8+ 25. Kh1 Rg6 26. Be3 Kg7 27.
Rg1 Kf6 28. Bd2 Rxg1+ 29. Kxg1 b5 30. Kf1 Nb6 31. Ke2 Ke7 32. Kd3 Kd6 33. Bf4+
Kd5 34. Bc1 Nc4 35. Ra2 f5 36. Kc3 Rc6 37. Kb3 Kxd4 38. a4 bxa4+ 39. Rxa4 Kd5
40. b5 Rc7 41. Be3 Nxe3 42. fxe3 Rc1 43. Ra7 Rb1+ 44. Kc2 Rxb5 45. Rxh7 Ra5 46.
Rb7 f4 47. exf4 Kd4 48. Rb3 Rh5 49. Rd3+ Kc4 50. Rd2 Rh3 51. Rf2 Rh4 52. Kd2
Rxf4 53. Ke3 e5 54. Rg2 Kd5 55. Rg4 Rf8 56. h4 Rh8 57. Kf2 Ke6 58. Kg3 Kf6 59.
Rg5 Re8 60. Rg4 Rh8 61. Re4 Kf5 62. Ra4 Kf6 63. Rb4 Kf5 64. Ra4 1/2-1/2

[Event "27e Open International Avoine"]
[Site "Espace culturel d'Avoine-3742"]
[Date "2012.07.22"]
[Round "2.13"]
[White "Lebret, Jean-Michel"]
[Black "Petre, Nad-Titus"]
[Result "1/2-1/2"]
[WhiteElo "2101"]
[BlackElo "2362"]
[PlyCount "115"]
[EventDate "2012.??.??"]

1. e4 d5 2. exd5 Qxd5 3. Nc3 Qa5 4. d4 Nf6 5. Nf3 Bf5 6. Bc4 e6 7. O-O Nc6 8.
Bd2 Bb4 9. a3 Bxc3 10. Bxc3 Qb6 11. Ne5 Ne4 12. Nxc6 Qxc6 13. Qe2 Nxc3 14. bxc3
O-O 15. Rab1 Rab8 16. Rfc1 a6 17. Rb3 Be4 18. f3 Bd5 19. Bxd5 exd5 20. Qd2 Rfe8
21. Rbb1 Qd6 22. Re1 b6 23. Rxe8+ Rxe8 24. Re1 Re7 25. a4 Kf8 26. Rxe7 Qxe7 27.
Kf2 Qh4+ 28. Kg1 a5 29. g3 Qe7 30. Kg2 h6 31. Qd3 Qe1 32. c4 Qb4 33. cxd5 Qxa4
34. c4 Qb4 35. Qc2 a4 36. c5 bxc5 37. dxc5 a3 38. d6 cxd6 39. c6 Qb8 40. c7 Qc8
41. Qc6 Ke7 42. Qe4+ Kd7 43. Qf5+ Kxc7 44. Qxf7+ Qd7 45. Qc4+ Qc6 46. Qf7+ Kb6
47. Qb3+ Qb5 48. Qxa3 Qe2+ 49. Kh3 Qe6+ 50. Kg2 Qe2+ 51. Kh3 Qe5 52. f4 Qf5+
53. Kg2 Qc2+ 54. Kf3 Qc6+ 55. Kg4 Qd7+ 56. Kf3 Qc6+ 57. Kg4 Qc8+ 58. Kf3
1/2-1/2

[Event "27e Open International Avoine"]
[Site "Espace culturel d'Avoine-3742"]
[Date "2012.07.22"]
[Round "2.14"]
[White "Perrin, Guillaume"]
[Black "Aubry, Yannis"]
[Result "1-0"]
[WhiteElo "2349"]
[BlackElo "2104"]
[PlyCount "47"]
[EventDate "2012.??.??"]

1. e4 e6 2. d3 d5 3. Qe2 c5 4. Nf3 Nc6 5. g3 d4 6. Bg2 e5 7. Na3 Bd6 8. Nc4 Bc7
9. a4 Nge7 10. O-O f6 11. Nh4 O-O 12. f4 Be6 13. b3 a6 14. fxe5 fxe5 15. Rxf8+
Qxf8 16. Bg5 b5 17. Rf1 Qc8 18. Nd2 bxa4 19. bxa4 Rb8 20. Nf5 Ng6 21. h4 Bd8
22. Bxd8 Qxd8 23. Qg4 Qd7 24. Nb3 1-0

[Event "27e Open International Avoine"]
[Site "Espace culturel d'Avoine-3742"]
[Date "2012.07.22"]
[Round "2.15"]
[White "Haussernot, Cecile"]
[Black "Kostiuk, Tatiana"]
[Result "0-1"]
[WhiteElo "2099"]
[BlackElo "2327"]
[PlyCount "48"]
[EventDate "2012.??.??"]

1. e4 Nf6 2. e5 Nd5 3. d4 d6 4. Nf3 Nc6 5. Bc4 Nb6 6. Bb5 a6 7. Bxc6+ bxc6 8.
Qd3 a5 9. c4 Ba6 10. b3 e6 11. h4 d5 12. Nbd2 Bb4 13. Ng5 h6 14. Nxe6 fxe6 15.
Qg6+ Kd7 16. c5 Nc8 17. Qxg7+ Ne7 18. Bb2 Qf8 19. Qg3 Rg8 20. Qe3 Rxg2 21. a3
Bxd2+ 22. Qxd2 Qf3 23. Bc1 Nf5 24. Ra2 Rag8 0-1

[Event "27e Open International Avoine"]
[Site "Espace culturel d'Avoine-3742"]
[Date "2012.07.22"]
[Round "2.16"]
[White "Robert, Pierre"]
[Black "Bon, Michael"]
[Result "0-1"]
[WhiteElo "2087"]
[BlackElo "2304"]
[PlyCount "42"]
[EventDate "2012.??.??"]

1. d4 d5 2. Nf3 Nc6 3. c4 Bg4 4. Nc3 e6 5. cxd5 exd5 6. Bf4 Bxf3 7. gxf3 Bd6 8.
Bg3 Nge7 9. e3 f5 10. Qb3 f4 11. Bh4 Qd7 12. Bxe7 Nxe7 13. Qxb7 O-O 14. Nxd5
Rab8 15. Nxe7+ Qxe7 16. Bc4+ Kh8 17. Qe4 Qh4 18. b3 Rbe8 19. Be6 Qf6 20. Qd5
Rxe6 21. e4 Bb4+ 0-1

[Event "27e Open International Avoine"]
[Site "Espace culturel d'Avoine-3742"]
[Date "2012.07.22"]
[Round "2.18"]
[White "Le Masle, Raphael"]
[Black "Dieu, Bruno"]
[Result "1/2-1/2"]
[WhiteElo "2007"]
[BlackElo "2279"]
[PlyCount "81"]
[EventDate "2012.??.??"]

1. d4 d5 2. c4 e6 3. Nc3 c5 4. cxd5 exd5 5. Nf3 Nc6 6. g3 Nf6 7. Bg2 Be7 8. O-O
O-O 9. Bg5 cxd4 10. Nxd4 h6 11. Be3 Re8 12. Rc1 Ng4 13. Nxd5 Nxe3 14. Nxc6 Nxd1
15. Nxd8 Bxd8 16. Rfxd1 Rxe2 17. Nc3 Re8 18. Nb5 Bg4 19. Rd4 Bg5 20. Ra1 Be2
21. Nc3 Ba6 22. Rad1 Rad8 23. Rxd8 Rxd8 24. Rxd8+ Bxd8 25. Bf1 Bxf1 26. Kxf1
Bf6 27. Nd1 Kf8 28. Ke2 Ke7 29. Kd3 Kd6 30. Nc3 Bxc3 31. Kxc3 Kd5 32. Kd3 f5
33. f4 h5 34. h3 b6 35. b3 a6 36. a3 a5 37. a4 Kc5 38. Kc3 b5 39. axb5 Kxb5 40.
Kd3 Kb4 41. Kc2 1/2-1/2

[Event "27e Open International Avoine"]
[Site "Espace culturel d'Avoine-3742"]
[Date "2012.07.22"]
[Round "2.19"]
[White "Le Ray, Jean-Yves"]
[Black "Pietrasanta, Jeremy"]
[Result "0-1"]
[WhiteElo "1951"]
[BlackElo "2272"]
[PlyCount "72"]
[EventDate "2012.??.??"]

1. b3 e5 2. Bb2 Nc6 3. e3 g6 4. Nf3 Bg7 5. Bb5 Nge7 6. O-O O-O 7. d4 e4 8. Nfd2
d5 9. c4 f5 10. Nc3 a6 11. Bxc6 bxc6 12. Ba3 Be6 13. cxd5 cxd5 14. Ne2 g5 15.
f4 exf3 16. Nxf3 h6 17. Rc1 Re8 18. Bxe7 Qxe7 19. Ng3 Rac8 20. Rc5 Rf8 21. Qd2
c6 22. Rfc1 Bd7 23. Nf1 f4 24. Re1 Qd6 25. b4 g4 26. Nh4 Qf6 27. g3 fxe3 28.
Nxe3 Qxd4 29. Rd1 Qxd2 30. Rxd2 Rce8 31. Nc2 Re4 32. a4 Rfe8 33. Kf2 Bf8 34.
Ra5 Rxb4 35. Rxa6 Bc5+ 36. Kf1 Rb1+ 0-1

[Event "27e Open International Avoine"]
[Site "Espace culturel d'Avoine-3742"]
[Date "2012.07.22"]
[Round "2.20"]
[White "Barbot, Pierre"]
[Black "Roger, Mehdi"]
[Result "1/2-1/2"]
[WhiteElo "2271"]
[BlackElo "2097"]
[PlyCount "96"]
[EventDate "2012.??.??"]

1. e4 c5 2. Nf3 d6 3. d4 cxd4 4. Nxd4 Nf6 5. Nc3 g6 6. Be3 Bg7 7. Be2 O-O 8.
Qd2 Nc6 9. O-O-O Nxd4 10. Bxd4 Be6 11. g4 Qa5 12. g5 Nh5 13. Bxh5 Bxd4 14. Qxd4
Qxg5+ 15. f4 Qxh5 16. f5 Bd7 17. Nd5 Qg5+ 18. Kb1 Rae8 19. h4 Qg3 20. f6 e5 21.
Qd2 Kh8 22. Qh6 Rg8 23. Ne7 Qf4 24. Nxg8 Rxg8 25. Qxf4 exf4 26. Rhf1 Bg4 27.
Rxd6 f3 28. e5 h5 29. Kc1 g5 30. hxg5 Rxg5 31. Rd8+ Kh7 32. Rf8 Rxe5 33. Rxf7+
Kg6 34. Rxb7 Kxf6 35. Kd2 Re2+ 36. Kd3 Kg5 37. Rf7 h4 38. Rxa7 Kf4 39. a4 Re3+
40. Kc4 Re2 41. Rf7+ Kg3 42. Rg7 h3 43. a5 h2 44. a6 Rxc2+ 45. Kb3 Rc6 46. a7
Ra6 47. Kc3 Kg2 48. Rb1 h1=Q 1/2-1/2

[Event "27e Open International Avoine"]
[Site "Espace culturel d'Avoine-3742"]
[Date "2012.07.22"]
[Round "2.22"]
[White "Mattheys, Eddy"]
[Black "Mostertman, Milan"]
[Result "0-1"]
[WhiteElo "1940"]
[BlackElo "2248"]
[PlyCount "48"]
[EventDate "2012.??.??"]

1. d4 Nf6 2. c4 e5 3. dxe5 Ng4 4. Bf4 g5 5. Bg3 Nc6 6. Nf3 Bg7 7. e4 Ngxe5 8.
Nxe5 Nxe5 9. Nc3 d6 10. Rc1 h5 11. h3 h4 12. Bh2 Be6 13. b3 Qd7 14. Be2 O-O-O
15. Nd5 c6 16. Ne3 f5 17. Nxf5 Bxf5 18. exf5 Qxf5 19. Bxe5 Qxe5 20. O-O Kb8 21.
Re1 Qf4 22. Qd3 Be5 23. g3 hxg3 24. fxg3 Bd4+ 0-1

[Event "27e Open International Avoine"]
[Site "Espace culturel d'Avoine-3742"]
[Date "2012.07.22"]
[Round "2.23"]
[White "Le Borgne, Pierre"]
[Black "Auvray, Juliette"]
[Result "1-0"]
[WhiteElo "2233"]
[BlackElo "1941"]
[PlyCount "47"]
[EventDate "2012.??.??"]

1. e4 c5 2. Nf3 e6 3. g3 Nc6 4. Bg2 a6 5. O-O Qc7 6. c3 Nf6 7. Re1 d6 8. d4 e5
9. Nbd2 Be7 10. d5 Nb8 11. a4 b6 12. Nc4 Nbd7 13. Nh4 Rb8 14. Nf5 g6 15. Nxe7
Kxe7 16. f4 b5 17. axb5 axb5 18. fxe5 Nxe5 19. Nxe5 dxe5 20. Bg5 Rb6 21. b4 Rd6
22. Rf1 cxb4 23. Rxf6 Rxf6 24. d6+ 1-0

[Event "27e Open International Avoine"]
[Site "Espace culturel d'Avoine-3742"]
[Date "2012.07.22"]
[Round "2.24"]
[White "Decosse, Jean-Fabien"]
[Black "Lombart, Philippe"]
[Result "1-0"]
[WhiteElo "2216"]
[BlackElo "1938"]
[PlyCount "69"]
[EventDate "2012.??.??"]

1. d4 d5 2. c4 e6 3. Nc3 Bb4 4. Nf3 Nf6 5. Qa4+ Nc6 6. Bg5 h6 7. Bxf6 Qxf6 8.
e3 O-O 9. a3 Bxc3+ 10. bxc3 a6 11. Be2 Bd7 12. cxd5 exd5 13. O-O b5 14. Qc2 Bf5
15. Qa2 Be6 16. a4 b4 17. a5 Rfb8 18. cxb4 Nxb4 19. Qd2 Bg4 20. Rfc1 Bxf3 21.
Bxf3 Qd6 22. Rab1 Nc6 23. Rxb8+ Rxb8 24. Qc3 Nd8 25. g3 c6 26. Be2 Qb4 27. Qxb4
Rxb4 28. Ra1 Rb5 29. Bxb5 cxb5 30. Rc1 Nb7 31. Rc6 Nxa5 32. Rxa6 Nc4 33. Ra8+
Kh7 34. Rd8 b4 35. Rb8 1-0